000 00512pab a2200193 454500
008 180718b2001 xxu||||| |||| 00| 0 eng d
100 _aMukherjee, Chandan
245 _aCrimes against women in India: analysis of official statistics
260 _c2001
300 _ap.4070-080
362 _a27 Oct
650 _aWomen - Crimes against
650 _aWomen - India
650 _aWomen
700 _aKrishnaji, N.
700 _aRustagi, Preet
773 _aEconomic and Political Weekly
909 _a50386
999 _c50386
_d50386